[Event "31st WCh U20 Girls"]
[Site "Kocaeli TUR"]
[Date "2013.09.22"]
[Round "9.36"]
[White "Zdilar, Emilija"]
[Black "Edes, Zsofia"]
[Result "0-1"]
[WhiteElo "1885"]
[BlackElo "2044"]
[EventDate "2013.09.13"]
[PlyCount "57"]

1.e4 g6 2.d4 Bg7 3.Nf3 d6 4.c4 Nf6 5.Nc3 Nbd7 6.Be2 O-O 7.O-O e5 8.dxe5 
dxe5 9.Be3 c6 10.h3 Qe7 11.Qc2 Ne8 12.Rad1 f5 13.Bg5 Qe6 14.c5 Ndf6 15.
exf5 gxf5 16.Bxf6 Qxf6 17.Bc4+ Kh8 18.Qe2 b6 19.cxb6 axb6 20.Rd2 Nd6 21.
Rfd1 Ne8 22.Rd8 b5 23.Bb3 e4 24.Nh2 Qg6 25.Bc2 Bf6 26.R8d2 Ba6 27.Nxe4 b4 
28.Nc5 Bxb2 29.Nd7 0-1

[Event "31st WCh U20 Girls"]
[Site "Kocaeli TUR"]
[Date "2013.09.22"]
[Round "9.37"]
[White "Fuentes Godoy, Lilia Ivonne"]
[Black "Birgelir, Melisa"]
[Result "1/2-1/2"]
[WhiteElo "1829"]
[BlackElo "1617"]
[EventDate "2013.09.13"]
[PlyCount "78"]

1.g3 d5 2.Bg2 c5 3.d3 e5 4.Nd2 Nc6 5.e4 d4 6.Ne2 Be6 7.O-O g5 8.f4 gxf4 9.
gxf4 Bg4 10.f5 Nf6 11.h3 Bxe2 12.Qxe2 Bh6 13.Nb3 Bxc1 14.Raxc1 Qd6 15.Kh2 
O-O-O 16.Bf3 Rdg8 17.Rg1 Nd7 18.Bh5 Qe7 19.a3 a6 20.Qf2 Nd8 21.Be2 Qf6 22.
Nd2 Nc6 23.Nf3 Kb8 24.Qh4 Qxh4 25.Nxh4 Rg5 26.Nf3 Rgg8 27.Rxg8+ Rxg8 28.
Rg1 Rxg1 29.Kxg1 Nf6 30.Nh2 Kc7 31.Kg2 Kd8 32.Kg3 Ke7 33.h4 Kf8 34.Nf1 Kg7
35.Nd2 Kf8 36.Bh5 Kg7 37.Nc4 Ne8 38.c3 b5 39.Nd2 Nd6 1/2-1/2

[Event "31st WCh U20 Girls"]
[Site "Kocaeli TUR"]
[Date "2013.09.22"]
[Round "9.38"]
[White "Micoogullari, Lara"]
[Black "Soydan, Busra"]
[Result "1/2-1/2"]
[WhiteElo "1585"]
[BlackElo "1709"]
[EventDate "2013.09.13"]
[PlyCount "62"]

1.Nf3 c5 2.c4 Nf6 3.g3 g6 4.Bg2 Bg7 5.O-O O-O 6.Nc3 Nc6 7.e3 d6 8.d4 cxd4 
9.Nxd4 Bd7 10.b3 Rc8 11.Bb2 Re8 12.Rc1 Qa5 13.Qd2 h5 14.f4 h4 15.gxh4 Nxd4
16.exd4 Qh5 17.Ne4 Nxe4 18.Bxe4 b6 19.Qf2 Bf5 20.Bxf5 Qxf5 21.Rcd1 Qe4 22.
Qf3 Qxf3 23.Rxf3 Red8 24.f5 d5 25.fxg6 fxg6 26.cxd5 Rxd5 27.Rfd3 Rcd8 28.
Kf2 R8d7 29.R3d2 R7d6 30.Ba1 Rd7 31.Rd3 Kh7 1/2-1/2

[Event "31st WCh U20 Girls"]
[Site "Kocaeli TUR"]
[Date "2013.09.23"]
[Round "10.19"]
[White "Nasriddinzoda, Marvorii"]
[Black "Zhai Mo"]
[Result "0-1"]
[WhiteElo "2032"]
[BlackElo "2309"]
[EventDate "2013.09.13"]
[PlyCount "88"]

1.e4 c5 2.Nc3 Nc6 3.g3 g6 4.Bg2 Bg7 5.d3 e6 6.f4 Nge7 7.Nf3 O-O 8.O-O d6 
9.Be3 Nd4 10.Nh4 Nec6 11.Qd2 Qa5 12.Rae1 Nb4 13.f5 exf5 14.exf5 Nxf5 15.
Nxf5 Bxf5 16.Nd5 Nc6 17.Qxa5 Nxa5 18.Ne7+ Kh8 19.Nxf5 gxf5 20.c3 Nc6 21.
Rxf5 Rae8 22.Be4 Ne5 23.Rh5 f5 24.Bxb7 Nxd3 25.Re2 f4 26.Ba6 f3 27.Rd2 
Rxe3 28.Bxd3 f2+ 29.Kf1 Re1+ 30.Kg2 f1=Q+ 31.Bxf1 Rexf1 32.Rxd6 R1f2+ 33.
Kh3 Rxb2 34.a4 Rc8 35.Rdd5 c4 36.Rc5 Rbb8 37.Rcf5 Bxc3 38.Rf7 Bg7 39.Rg5 
Bh6 40.Ra5 c3 41.Raxa7 c2 42.Rxh7+ Kg8 43.Rxh6 c1=Q 44.Rg6+ Kh8 0-1

[Event "31st WCh U20 Girls"]
[Site "Kocaeli TUR"]
[Date "2013.09.23"]
[Round "10.28"]
[White "Barbosa, Larissa Ichimura"]
[Black "Matute Loja, Belen"]
[Result "0-1"]
[WhiteElo "1868"]
[BlackElo "1955"]
[EventDate "2013.09.13"]
[PlyCount "92"]

1.e4 c5 2.c3 d6 3.d4 Nf6 4.Bd3 Nc6 5.Be3 Qb6 6.Qd2 cxd4 7.Bxd4 Nxd4 8.cxd4
g6 9.Nc3 Bg7 10.Nf3 O-O 11.O-O Bg4 12.Be2 Rac8 13.h3 Be6 14.Rac1 d5 15.Na4
Qd8 16.Rxc8 Bxc8 17.exd5 Nxd5 18.Nc3 b6 19.Rd1 Bb7 20.Ne5 Qa8 21.Bf3 Rd8 
22.Qc2 Nf4 23.Ne2 Nxh3+ 24.Kf1 Ng5 25.Bxb7 Qxb7 26.Nc6 Rd6 27.Nb4 a5 28.
Nd3 Bxd4 29.Nxd4 Rxd4 30.Ne5 Rxd1+ 31.Qxd1 Qc7 32.Nd3 Qh2 33.Qg4 Ne6 34.
Ke2 h5 35.Qe4 Qd6 36.g3 Nc5 37.Qa8+ Kg7 38.Nf4 Qe5+ 39.Kf3 Qxb2 40.Qa7 Qf6
41.Kg2 h4 42.Qc7 hxg3 43.fxg3 Ne6 44.Nxe6+ Qxe6 45.Qc2 Qd5+ 46.Kf2 Qc5+ 
0-1

[Event "31st WCh U20 Girls"]
[Site "Kocaeli TUR"]
[Date "2013.09.23"]
[Round "10.31"]
[White "Alymbay Kyzy, Aizhan"]
[Black "Shristi Shetty, J."]
[Result "1-0"]
[WhiteElo "1820"]
[BlackElo "1909"]
[EventDate "2013.09.13"]
[PlyCount "37"]

1.e4 c5 2.Nf3 Nc6 3.d4 cxd4 4.Nxd4 Nf6 5.Nc3 e5 6.Ndb5 d6 7.Bg5 a6 8.Na3 
b5 9.Bxf6 gxf6 10.Nd5 f5 11.Bd3 Be6 12.O-O Bxd5 13.exd5 Ne7 14.Nxb5 Qb6 
15.Na3 Qxb2 16.Nc4 Qb4 17.c3 Qc5 18.Qa4+ Kd8 19.Rab1 1-0

[Event "31st WCh U20 Girls"]
[Site "Kocaeli TUR"]
[Date "2013.09.23"]
[Round "10.32"]
[White "Soylemez, Cansu"]
[Black "Arig, Busra"]
[Result "1-0"]
[WhiteElo "1905"]
[BlackElo "1788"]
[EventDate "2013.09.13"]
[PlyCount "65"]

1.d4 Nf6 2.c4 e6 3.Nf3 b6 4.a3 Ba6 5.Qc2 Bb7 6.Nc3 c5 7.e4 cxd4 8.Nxd4 Bc5
9.Nb3 Nc6 10.Bd3 Be7 11.O-O Ne5 12.Bf4 Nxd3 13.Qxd3 d5 14.exd5 exd5 15.
cxd5 Nxd5 16.Qb5+ Kf8 17.Rfd1 a6 18.Qc4 b5 19.Qe4 Nxc3 20.Rxd8+ Rxd8 21.
Qxb7 Ne2+ 22.Kh1 Nxf4 23.Qxa6 Nd3 24.Qxb5 Nxf2+ 25.Kg1 Nd3 26.Rd1 Nxb2 27.
Rxd8+ Bxd8 28.Nc5 Nd1 29.Qd7 g6 30.Qxd8+ Kg7 31.Qe7 Ra8 32.Ne6+ Kg8 33.Nd8
1-0

[Event "31st WCh U20 Girls"]
[Site "Kocaeli TUR"]
[Date "2013.09.23"]
[Round "10.33"]
[White "Gueci, Laura"]
[Black "Guney, Gamze Nur"]
[Result "1/2-1/2"]
[WhiteElo "1904"]
[BlackElo "1731"]
[EventDate "2013.09.13"]
[PlyCount "124"]

1.c4 e6 2.Nf3 Nf6 3.g3 d5 4.b3 Be7 5.Bg2 O-O 6.O-O Nbd7 7.Bb2 c6 8.d3 Re8 
9.Nbd2 Bf8 10.e4 e5 11.cxd5 cxd5 12.exd5 Nxd5 13.Nc4 f6 14.a3 b5 15.Nd4 
N7b6 16.Nxb5 Bb7 17.Rc1 Re6 18.Na5 Ba6 19.Qg4 Kf7 20.Nc3 Rc8 21.Qh5+ Kg8 
22.Bh3 Nc7 23.Rfd1 g6 24.Qe2 f5 25.Nc4 Bg7 26.Qd2 Qf8 27.Ne2 Nbd5 28.f4 
exf4 29.Bxg7 Qxg7 30.Nxf4 Qd4+ 31.Qf2 Qxf2+ 32.Kxf2 Nxf4 33.gxf4 Nd5 34.
Kg3 Rce8 35.Bg2 Nf6 36.Ne5 Nh5+ 37.Kf2 Nxf4 38.d4 Nxg2 39.Kxg2 Bb7+ 40.Kf2
Bd5 41.b4 R8e7 42.Rc5 Rd6 43.Rc8+ Kg7 44.Rdc1 a6 45.R1c7 Rxc7 46.Rxc7+ Kh6
47.Rd7 Rxd7 48.Nxd7 Kg5 49.Nb6 Bb7 50.Nd7 Bc8 51.Nc5 Kf6 52.a4 Ke7 53.b5 
axb5 54.axb5 Kd6 55.b6 Kc6 56.b7 Bxb7 57.Ne6 Kd5 58.Nf8 Kxd4 59.Nxh7 Ke4 
60.Nf8 g5 61.Ne6 Bd5 62.Nxg5+ Kf4 1/2-1/2

[Event "31st WCh U20 Girls"]
[Site "Kocaeli TUR"]
[Date "2013.09.23"]
[Round "10.34"]
[White "Tuzi, Bruna"]
[Black "Alev, Gonulden Seda"]
[Result "1-0"]
[WhiteElo "1687"]
[BlackElo "1632"]
[EventDate "2013.09.13"]
[PlyCount "45"]

1.e4 e5 2.Nf3 Qe7 3.Bc4 h6 4.a3 g5 5.d4 d6 6.h3 Nf6 7.Nc3 c6 8.dxe5 dxe5 
9.Be3 g4 10.hxg4 Nxg4 11.Qe2 Rg8 12.g3 Be6 13.Bxe6 Qxe6 14.O-O-O Nd7 15.
Nh4 a5 16.Nf5 Nxe3 17.Qxe3 Rg6 18.Rh2 b5 19.f3 b4 20.Nb1 bxa3 21.Nxa3 Rb8 
22.Qa7 Bc5 23.Qc7 1-0

[Event "31st WCh U20 Girls"]
[Site "Kocaeli TUR"]
[Date "2013.09.23"]
[Round "10.35"]
[White "Racki, Barbara"]
[Black "Sen, Beril Berfin"]
[Result "1-0"]
[WhiteElo "1946"]
[BlackElo "1609"]
[EventDate "2013.09.13"]
[PlyCount "127"]

1.Nf3 d5 2.d3 c5 3.Nbd2 Nc6 4.c3 e5 5.e4 d4 6.Be2 Nf6 7.Nf1 Be7 8.Ng3 O-O 
9.c4 Be6 10.O-O Ne8 11.b3 Nd6 12.Bd2 f5 13.exf5 Nxf5 14.Ne4 h6 15.h3 b6 
16.Nh2 Nd6 17.Bf3 Rc8 18.g4 Bh4 19.Qe2 Ne7 20.Nxd6 Qxd6 21.Be4 Bd7 22.Nf3 
Bf6 23.Rae1 Bc6 24.g5 Bxe4 25.Qxe4 hxg5 26.Nxg5 Bxg5 27.Bxg5 Ng6 28.Kh2 
Qc6 29.h4 Qxe4 30.Rxe4 Rce8 31.Kg3 Ne7 32.Rfe1 Nc6 33.a3 Na5 34.b4 cxb4 
35.axb4 Nc6 36.Bd2 Rf5 37.b5 Nd8 38.f4 Ne6 39.Rxe5 Rxe5 40.Rxe5 Kf7 41.f5 
Nc5 42.Rxe8 Kxe8 43.Kf4 Nxd3+ 44.Ke4 Nc5+ 45.Kxd4 Nb3+ 46.Kc3 Nxd2 47.Kxd2
Kf7 48.Ke3 Ke7 49.Ke4 Kf6 50.Kf4 Ke7 51.Ke5 Kf7 52.Kd6 Kf6 53.Kc7 Kxf5 54.
Kb7 Kg4 55.Kxa7 Kxh4 56.Kxb6 g5 57.Kc7 g4 58.b6 g3 59.b7 g2 60.b8=Q g1=Q 
61.Qh8+ Kg3 62.Qg7+ Kf2 63.Qxg1+ Kxg1 64.Kd6 1-0

[Event "31st WCh U20 Girls"]
[Site "Kocaeli TUR"]
[Date "2013.09.23"]
[Round "10.37"]
[White "Birgelir, Melisa"]
[Black "Gulay, Ayca Nuriye"]
[Result "1/2-1/2"]
[WhiteElo "1617"]
[BlackElo "1634"]
[EventDate "2013.09.13"]
[PlyCount "50"]

1.e4 e5 2.Nf3 Qe7 3.c3 d6 4.h3 h6 5.Bd3 g5 6.Bc2 Nf6 7.Qe2 Nc6 8.d3 d5 9.
Nbd2 g4 10.hxg4 Bxg4 11.Nf1 d4 12.Bd2 Qd7 13.c4 h5 14.N1h2 Nb4 15.Bd1 Nc6 
16.Ba4 Qe6 17.Nxg4 Nxg4 18.Nh4 O-O-O 19.a3 Be7 20.Qf3 Qf6 21.Qe2 Qe6 22.
Qf3 Qf6 23.Qe2 Qe6 24.Qf3 Qf6 25.Qe2 Qe6 1/2-1/2

[Event "31st WCh U20 Girls"]
[Site "Kocaeli TUR"]
[Date "2013.09.23"]
[Round "10.38"]
[White "Soydan, Busra"]
[Black "Zdilar, Emilija"]
[Result "1-0"]
[WhiteElo "1709"]
[BlackElo "1885"]
[EventDate "2013.09.13"]
[PlyCount "45"]

1.e4 e5 2.Nf3 Nc6 3.d4 exd4 4.Bc4 Be7 5.Nxd4 d6 6.Nc3 Nf6 7.O-O O-O 8.a4 
Bd7 9.h3 Qc8 10.Be3 Ne5 11.Be2 Be6 12.Nxe6 fxe6 13.f4 Ng6 14.Bc4 Kh8 15.g4
Rd8 16.f5 exf5 17.exf5 Nf8 18.g5 Ng8 19.Nd5 Re8 20.Nxe7 Nxe7 21.Bd4 d5 22.
f6 gxf6 23.gxf6 1-0

[Event "31st WCh U20 Girls"]
[Site "Kocaeli TUR"]
[Date "2013.09.24"]
[Round "11.6"]
[White "Saduakasova, Dinara"]
[Black "Khademalsharieh, Sarasadat"]
[Result "1-0"]
[WhiteElo "2326"]
[BlackElo "2303"]
[EventDate "2013.09.13"]
[PlyCount "59"]

1.d4 Nf6 2.c4 e6 3.Nc3 Bb4 4.Qc2 O-O 5.e4 d6 6.Bd3 e5 7.d5 c5 8.Ne2 Nbd7 
9.f3 Ne8 10.Bd2 a6 11.g4 Qc7 12.a4 Qd8 13.Ng3 Rb8 14.h4 Nc7 15.Nf5 Nf6 16.
h5 Bxc3 17.Qxc3 b5 18.b3 bxc4 19.Bxc4 Bxf5 20.gxf5 h6 21.Kf2 Nd7 22.Rag1 
Kh7 23.Qe3 Qf6 24.Rg4 Nb6 25.Be2 Rb7 26.Kf1 Nd7 27.Rhg1 Rg8 28.R1g2 Ra7 
29.Qg1 Raa8 30.Be1 1-0

[Event "31st WCh U20 Girls"]
[Site "Kocaeli TUR"]
[Date "2013.09.24"]
[Round "11.18"]
[White "Rakhmangulova, Anastasiya"]
[Black "Derakhshani, Dorsa"]
[Result "1/2-1/2"]
[WhiteElo "2194"]
[BlackElo "2078"]
[EventDate "2013.09.13"]
[PlyCount "61"]

1.e4 e5 2.Nf3 Nc6 3.Bc4 Bc5 4.d3 Nf6 5.Bb3 a6 6.O-O Ba7 7.c3 d6 8.Be3 O-O 
9.Nbd2 h6 10.h3 d5 11.Bxa7 Rxa7 12.Re1 Re8 13.Nf1 Ra8 14.Ne3 Be6 15.exd5 
Bxd5 16.Nxd5 Nxd5 17.d4 e4 18.Nd2 f5 19.Qh5 Ne7 20.Nc4 Kh7 21.Ne5 Nf4 22.
Qh4 Neg6 23.Qg3 Qg5 24.Qxg5 hxg5 25.Nf7 Nh4 26.Re3 Nhxg2 27.Rg3 Nh4 28.
Nxg5+ Kh6 29.Nf7+ Kh7 30.Ng5+ Kh6 31.Nf7+ 1/2-1/2

[Event "31st WCh U20 Girls"]
[Site "Kocaeli TUR"]
[Date "2013.09.24"]
[Round "11.23"]
[White "Matute Loja, Belen"]
[Black "Nasriddinzoda, Marvorii"]
[Result "0-1"]
[WhiteElo "1955"]
[BlackElo "2032"]
[EventDate "2013.09.13"]
[PlyCount "90"]

1.e4 d6 2.d4 Nf6 3.Nc3 e5 4.Nf3 Nbd7 5.Bc4 Be7 6.O-O O-O 7.h3 c6 8.a4 b6 
9.d5 Bb7 10.Re1 Rc8 11.b3 cxd5 12.Nxd5 Bxd5 13.exd5 Nc5 14.Nd2 a5 15.Ba3 
Nfd7 16.Ne4 Nxe4 17.Rxe4 f5 18.Re1 e4 19.Bb2 Bf6 20.Bd4 Bxd4 21.Qxd4 Ne5 
22.Kh1 Rc5 23.Re3 Qf6 24.Rc3 Rfc8 25.Rb1 Kf7 26.Rb2 h6 27.Rb1 g5 28.Rb2 
Nxc4 29.Qxf6+ Kxf6 30.Rxc4 Rxc4 31.bxc4 Rxc4 32.Rxb6 Ke5 33.Rb8 Rxa4 34.
Rh8 Kxd5 35.Rxh6 Ra1+ 36.Kh2 a4 37.Rf6 Ke5 38.Rf8 f4 39.g3 a3 40.gxf4+ 
gxf4 41.h4 a2 42.Ra8 e3 43.fxe3 fxe3 44.Kg2 Kf6 45.Rf8+ Ke7 0-1

[Event "31st WCh U20 Girls"]
[Site "Kocaeli TUR"]
[Date "2013.09.24"]
[Round "11.26"]
[White "Krumova, Ani"]
[Black "Tuzi, Bruna"]
[Result "1-0"]
[WhiteElo "1993"]
[BlackElo "1687"]
[EventDate "2013.09.13"]
[PlyCount "31"]

1.e4 c5 2.Nc3 Nc6 3.f4 e6 4.Nf3 g6 5.g3 Bg7 6.e5 d6 7.Bb5 Ne7 8.exd6 Qxd6 
9.Ne4 Qd5 10.d3 b6 11.Ne5 Bb7 12.Bc4 Qd8 13.Nxf7 Kxf7 14.Ng5+ Kf6 15.Qe2 
e5 16.Ne4+ 1-0

[Event "31st WCh U20 Girls"]
[Site "Kocaeli TUR"]
[Date "2013.09.24"]
[Round "11.30"]
[White "Guney, Gamze Nur"]
[Black "Racki, Barbara"]
[Result "0-1"]
[WhiteElo "1731"]
[BlackElo "1946"]
[EventDate "2013.09.13"]
[PlyCount "64"]

1.d4 Nf6 2.c4 d6 3.Nc3 Nbd7 4.e4 e5 5.Nf3 c6 6.Be2 Qc7 7.O-O Be7 8.Rb1 Nf8
9.h3 Ng6 10.Re1 O-O 11.b4 Nh5 12.Nxe5 dxe5 13.Bxh5 exd4 14.Qxd4 Bf6 15.Qe3
Ne5 16.Be2 Be6 17.Qg3 Qe7 18.c5 Ng6 19.a3 Rfd8 20.Rb2 Bd4 21.Rd2 Qf6 22.
Red1 Bb3 23.Rf1 h6 24.Nd1 Be6 25.Kh1 Nf4 26.Bg4 Be5 27.Rxd8+ Rxd8 28.Bxe6 
Ne2 29.Bxf7+ Kf8 30.Qb3 Ng3+ 31.fxg3 Qxf1+ 32.Kh2 Rxd1 0-1

[Event "31st WCh U20 Girls"]
[Site "Kocaeli TUR"]
[Date "2013.09.24"]
[Round "11.31"]
[White "Anjana Krishna, S."]
[Black "Firat, Deniz"]
[Result "1-0"]
[WhiteElo "1881"]
[BlackElo "1664"]
[EventDate "2013.09.13"]
[PlyCount "73"]

1.d4 Nf6 2.Nf3 g6 3.e3 Bg7 4.Bd3 O-O 5.O-O d5 6.Nbd2 Nbd7 7.b3 b6 8.Bb2 
Bb7 9.Ne5 c5 10.f4 Ne4 11.Nxe4 dxe4 12.Bc4 e6 13.Qg4 Nf6 14.Qh3 Nd5 15.
dxc5 bxc5 16.Rad1 Qa5 17.a3 Rad8 18.Qg3 Ne7 19.Qg4 Nf5 20.Qe2 Nd6 21.Rfe1 
Nxc4 22.Nxc4 Qc7 23.Be5 Bxe5 24.Nxe5 Kg7 25.h3 Rd5 26.c4 Rxd1 27.Rxd1 Rd8 
28.Ng4 a5 29.Qb2+ Kf8 30.Rxd8+ Qxd8 31.Qe5 Qb6 32.Qh8+ Ke7 33.Qf6+ Ke8 34.
Ne5 Qc7 35.Qh8+ Ke7 36.Qxh7 Kf8 37.Nxg6+ 1-0

[Event "31st WCh U20 Girls"]
[Site "Kocaeli TUR"]
[Date "2013.09.24"]
[Round "11.32"]
[White "Adanmis, Ezgi"]
[Black "Barbosa, Larissa Ichimura"]
[Result "0-1"]
[WhiteElo "1499"]
[BlackElo "1868"]
[EventDate "2013.09.13"]
[PlyCount "60"]

1.e4 e6 2.d4 d5 3.Nc3 Nf6 4.e5 Nfd7 5.f4 c5 6.Nf3 Nc6 7.Ne2 a6 8.c3 Be7 9.
g3 O-O 10.Bh3 b5 11.O-O Nb6 12.g4 f6 13.Kh1 fxe5 14.dxe5 Bd7 15.g5 a5 16.
Bg4 b4 17.h4 bxc3 18.bxc3 Nc4 19.h5 a4 20.Kg2 a3 21.Rh1 N6a5 22.h6 g6 23.
Nh4 Nb2 24.Qc2 Qe8 25.Ng3 d4 26.cxd4 cxd4 27.Kh3 d3 28.Qf2 Bxg5 29.Qd4 
Bxh6 30.Bxb2 Rxf4 0-1

[Event "31st WCh U20 Girls"]
[Site "Kocaeli TUR"]
[Date "2013.09.24"]
[Round "11.33"]
[White "Shristi Shetty, J."]
[Black "Gueci, Laura"]
[Result "1-0"]
[WhiteElo "1909"]
[BlackElo "1904"]
[EventDate "2013.09.13"]
[PlyCount "36"]

1.e4 c5 2.Nf3 Nc6 3.d3 g6 4.g3 Bg7 5.Bg2 d6 6.O-O Nf6 7.c3 O-O 8.Re1 e5 9.
d4 cxd4 10.cxd4 Bg4 11.dxe5 Bxf3 12.Bxf3 dxe5 13.Nc3 Qxd1 14.Bxd1 Rfd8 15.
Be3 Nd4 16.Kg2 Nd7 17.Rc1 Nc5 18.f3 h6 1-0

[Event "31st WCh U20 Girls"]
[Site "Kocaeli TUR"]
[Date "2013.09.24"]
[Round "11.34"]
[White "Arig, Busra"]
[Black "Micoogullari, Lara"]
[Result "1-0"]
[WhiteElo "1788"]
[BlackElo "1585"]
[EventDate "2013.09.13"]
[PlyCount "75"]

1.d4 c5 2.d5 Nf6 3.c4 b5 4.cxb5 a6 5.bxa6 Bxa6 6.Nc3 d6 7.Nf3 g6 8.g3 Bg7 
9.Bg2 O-O 10.O-O Nbd7 11.Rb1 Ng4 12.Qc2 Nge5 13.Nxe5 Nxe5 14.b3 Qc7 15.Rd1
Rfc8 16.h3 c4 17.b4 Rcb8 18.a4 Bc8 19.Nb5 Qd7 20.f4 Ng4 21.hxg4 Qxg4 22.
Kf2 h5 23.Rh1 Qd7 24.Bh3 f5 25.Bb2 Bxb2 26.Rxb2 Bb7 27.Rd1 Ba6 28.Nd4 Bb7 
29.Nc6 Bxc6 30.dxc6 Qxc6 31.e3 c3 32.Bg2 Qb6 33.Bxa8 cxb2 34.Bd5+ Kh7 35.
Qxb2 Qxb4 36.Qxb4 Rxb4 37.Ra1 e5 38.Ra2 1-0

[Event "31st WCh U20 Girls"]
[Site "Kocaeli TUR"]
[Date "2013.09.24"]
[Round "11.35"]
[White "Soydan, Busra"]
[Black "Aslan, Cagla Yaren"]
[Result "1/2-1/2"]
[WhiteElo "1709"]
[BlackElo "1697"]
[EventDate "2013.09.13"]
[PlyCount "78"]

1.e4 c5 2.Nc3 a6 3.a4 Nc6 4.f4 e6 5.Bc4 Nge7 6.e5 d5 7.exd6 Qxd6 8.d3 Nd5 
9.Nge2 b6 10.O-O Be7 11.Ne4 Qd7 12.N2c3 Na5 13.Ba2 Nxc3 14.Nxc3 Bb7 15.Be3
Bf6 16.Qd2 Qc6 17.Qf2 O-O 18.Rfd1 Bxc3 19.bxc3 Qxa4 20.Bxe6 Qc6 21.Bh3 Qc7
22.f5 f6 23.Bf4 Qf7 24.Re1 Nc6 25.Re6 Rfe8 26.d4 Ne7 27.Bg3 cxd4 28.cxd4 
b5 29.Bg4 Nd5 30.Qd2 Rac8 31.Rae1 g6 32.Qe2 Rxe6 33.fxe6 Qe7 34.Bf3 Nb4 
35.Bxb7 Qxb7 36.e7 Re8 37.Qe6+ Kg7 38.c3 Nd5 39.Bd6 a5 1/2-1/2

[Event "31st WCh U20 Girls"]
[Site "Kocaeli TUR"]
[Date "2013.09.24"]
[Round "11.36"]
[White "Gulay, Ayca Nuriye"]
[Black "Shyngys Kyzy, Aijarkyn"]
[Result "0-1"]
[WhiteElo "1634"]
[BlackElo "1780"]
[EventDate "2013.09.13"]
[PlyCount "31"]

1.e4 e5 2.Nf3 Nf6 3.d3 Nc6 4.c3 Be7 5.g3 d5 6.Qc2 Bg4 7.Bg2 Qd7 8.h3 dxe4 
9.dxe4 Be6 10.Ng5 Bc4 11.Nd2 Bd3 12.Qa4 h6 13.Ngf3 O-O 14.Nh4 Bc5 15.b4 
Nxb4 16.Qxd7 0-1

[Event "31st WCh U20 Girls"]
[Site "Kocaeli TUR"]
[Date "2013.09.24"]
[Round "11.37"]
[White "Sen, Beril Berfin"]
[Black "Birgelir, Melisa"]
[Result "1/2-1/2"]
[WhiteElo "1609"]
[BlackElo "1617"]
[EventDate "2013.09.13"]
[PlyCount "66"]

1.d4 e6 2.c4 d5 3.Nc3 Nf6 4.Nf3 Be7 5.e3 c5 6.Bd3 O-O 7.O-O Nc6 8.b3 b6 9.
Bb2 Bb7 10.Rc1 Rc8 11.dxc5 dxc4 12.Bxc4 Bxc5 13.Qxd8 Rfxd8 14.Rfd1 Rxd1+ 
15.Rxd1 Rd8 16.Rxd8+ Nxd8 17.Nb5 Nc6 18.Nbd4 Nxd4 19.Bxd4 Bxd4 20.Nxd4 Bd5
21.Bxd5 Nxd5 22.Kf1 Kf8 23.Ke1 a5 24.Kd2 Ke7 25.Kd3 Nb4+ 26.Kc4 Nxa2 27.
Kb5 a4 28.bxa4 Nc3+ 29.Kxb6 Nxa4+ 30.Kc6 Nc3 31.f3 Nd1 32.Nc2 Kf6 33.Kd6 
h5 1/2-1/2

[Event "31st WCh U20 Girls"]
[Site "Kocaeli TUR"]
[Date "2013.09.24"]
[Round "11.38"]
[White "Alev, Gonulden Seda"]
[Black "Zdilar, Emilija"]
[Result "1-0"]
[WhiteElo "1632"]
[BlackElo "1885"]
[EventDate "2013.09.13"]
[PlyCount "70"]

1.e4 c6 2.d4 d5 3.e5 Bf5 4.c3 e6 5.Be2 Nd7 6.Be3 Qc7 7.f4 c5 8.Nf3 c4 9.
Nh4 Ne7 10.Nd2 h6 11.Nxf5 Nxf5 12.Bf2 Ne7 13.Nf3 Nc8 14.Qc2 b5 15.g4 Be7 
16.f5 Qc6 17.Rg1 Bf8 18.Be3 a5 19.g5 h5 20.g6 f6 21.exf6 Nxf6 22.Ne5 Qb6 
23.Nf7 Rg8 24.Rg5 Ne4 25.Rxh5 exf5 26.Rxf5 Qxg6 27.Rxd5 Rb8 28.Re5+ Kd7 
29.Qxe4 Qxf7 30.Bg4+ Kc7 31.Bf4 Kb6 32.Re6+ Nd6 33.Bxd6 Ka7 34.Bxb8+ Kxb8 
35.Rb6+ Ka7 1-0

[Event "31st WCh U20 Girls"]
[Site "Kocaeli TUR"]
[Date "2013.09.25"]
[Round "12.1"]
[White "Goryachkina, Alexandra"]
[Black "Arabidze, Meri"]
[Result "1-0"]
[WhiteElo "2418"]
[BlackElo "2379"]
[EventDate "2013.09.13"]
[PlyCount "201"]

1.d4 f5 2.c4 e6 3.Nf3 Nf6 4.g3 d5 5.Bg2 c6 6.O-O Bd6 7.b3 Qe7 8.Ne5 O-O 9.
Qc2 Bd7 10.Nd3 Be8 11.Bf4 Nbd7 12.Nd2 Bh5 13.Rfe1 Rac8 14.Bxd6 Qxd6 15.c5 
Qe7 16.Nf3 Ng4 17.h3 Ngf6 18.b4 Ne4 19.a4 g5 20.Nfe5 Be8 21.Nxd7 Qxd7 22.
Ne5 Qg7 23.Bxe4 fxe4 24.f3 Bg6 25.Qd2 Rf5 26.Kh2 Rcf8 27.Rf1 h5 28.b5 Be8 
29.bxc6 Bxc6 30.Rg1 Kh7 31.f4 Qc7 32.e3 h4 33.Qg2 Be8 34.Raf1 hxg3+ 35.
Qxg3 Qe7 36.Qg2 gxf4 37.Ng6 f3 38.Nxf8+ Qxf8 39.Qg3 Qf7 40.a5 a6 41.Rf2 
Rh5 42.Rb2 Bc6 43.Rh1 e5 44.dxe5 Qe7 45.Rg1 Qxe5 46.Qxe5 Rxe5 47.Rd2 Bb5 
48.Kg3 Rg5+ 49.Kf2 Rh5 50.Rg3 Bd7 51.Rb2 Bc6 52.Rb1 Re5 53.Rbg1 d4 54.Rg7+
Kh8 55.R7g4 dxe3+ 56.Kxe3 Rh5 57.Rg8+ Kh7 58.R8g7+ Kh8 59.Rg8+ Kh7 60.
R1g7+ Kh6 61.Rg3 Kh7 62.R8g5 Rxg5 63.Rxg5 Kh6 64.h4 Kh7 65.h5 Kh6 66.Re5 
Kh7 67.Re6 Bd5 68.Rd6 Bc6 69.h6 Bb5 70.Rf6 Bc6 71.Kf2 Bd5 72.Rf5 Bc6 73.
Rh5 Be8 74.Rh4 Bc6 75.Ke3 Bd5 76.Rh2 Bc6 77.Kd4 f2 78.Rxf2 Kxh6 79.Rg2 Kh5
80.Ke3 Bd5 81.Kf4 Bc6 82.Rg5+ Kh6 83.Rg3 Kh5 84.Kf5 Kh4 85.Re3 Bd5 86.Ke5 
Bc6 87.Kf4 Kh5 88.Kf5 Kh4 89.Rxe4+ Bxe4+ 90.Kxe4 Kg4 91.Ke5 Kf3 92.Kd6 Ke4
93.Kc7 Kd5 94.Kb6 Kc4 95.c6 bxc6 96.Kxa6 c5 97.Kb6 Kb4 98.a6 c4 99.a7 c3 
100.a8=Q Kb3 101.Qa1 1-0

[Event "31st WCh U20 Girls"]
[Site "Kocaeli TUR"]
[Date "2013.09.25"]
[Round "12.2"]
[White "Rodriguez Rueda, Paula Andrea"]
[Black "Bulmaga, Irina"]
[Result "1-0"]
[WhiteElo "2225"]
[BlackElo "2387"]
[EventDate "2013.09.13"]
[PlyCount "107"]

1.d4 Nf6 2.c4 e6 3.Nf3 c5 4.e3 cxd4 5.exd4 d5 6.Nc3 Bb4 7.Bd3 dxc4 8.Bxc4 
O-O 9.O-O b6 10.Bg5 Bb7 11.Qe2 Bxc3 12.bxc3 Qc7 13.Bxf6 gxf6 14.Rac1 Qf4 
15.Qe3 Qg4 16.h3 Qg7 17.Bd3 f5 18.c4 Bxf3 19.Qxf3 Nd7 20.Rcd1 Kh8 21.Rfe1 
Rg8 22.g3 Qh6 23.Kh2 Rad8 24.d5 Nc5 25.Bc2 Qg7 26.Rd2 Rd6 27.Qf4 Rdd8 28.
Red1 Rd7 29.a4 h6 30.a5 Qg5 31.Qd4+ f6 32.axb6 axb6 33.h4 Qg6 34.Qf4 Rgd8 
35.dxe6 Rxd2 36.Rxd2 Rxd2 37.Qxd2 Nxe6 38.Qd6 Ng7 39.Qxb6 Qf7 40.Qb8+ Kh7 
41.Qf4 Kg8 42.Bxf5 Nxf5 43.Qxf5 Qxc4 44.Qg6+ Kh8 45.Qxh6+ Kg8 46.Qg6+ Kh8 
47.Qxf6+ Kg8 48.h5 Qe2 49.Qf5 Kg7 50.g4 Qd2 51.g5 Qd6+ 52.Kh3 Qa3+ 53.f3 
Kh8 54.Qf6+ 1-0

[Event "31st WCh U20 Girls"]
[Site "Kocaeli TUR"]
[Date "2013.09.25"]
[Round "12.3"]
[White "Cori Tello, Deysi"]
[Black "Abdumalik, Zhansaya"]
[Result "0-1"]
[WhiteElo "2433"]
[BlackElo "2277"]
[EventDate "2013.09.13"]
[PlyCount "55"]

1.d4 Nf6 2.Nf3 d5 3.c4 e6 4.e3 Be7 5.Bd3 O-O 6.O-O c5 7.a3 Nbd7 8.Qe2 a6 
9.Rd1 dxc4 10.Bxc4 b5 11.Ba2 Bb7 12.dxc5 Bxc5 13.b4 Bb6 14.Bb2 Qe7 15.Nd4 
Rac8 16.Nc3 Ne5 17.Rac1 Rfd8 18.a4 Bxd4 19.exd4 Nc4 20.axb5 Qxb4 21.Bxc4 
Qxc4 22.Qxc4 Rxc4 23.d5 exd5 24.Nxd5 Rxd5 25.Bxf6 gxf6 26.bxa6 Rxc1 27.
Rxc1 Bxa6 28.Rc2 0-1

[Event "31st WCh U20 Girls"]
[Site "Kocaeli TUR"]
[Date "2013.09.25"]
[Round "12.4"]
[White "Kashlinskaya, Alina"]
[Black "Padmini, Rout"]
[Result "1/2-1/2"]
[WhiteElo "2434"]
[BlackElo "2312"]
[EventDate "2013.09.13"]
[PlyCount "107"]

1.d4 Nf6 2.c4 g6 3.Nc3 d5 4.Nf3 Bg7 5.e3 O-O 6.cxd5 Nxd5 7.Bc4 Nxc3 8.bxc3
c5 9.O-O Qc7 10.Qe2 b6 11.Ba3 Bb7 12.e4 Nc6 13.Rfd1 Na5 14.Bd3 Rfd8 15.Qe3
Qc6 16.Qe2 Qa4 17.Bc1 cxd4 18.cxd4 Rac8 19.Bg5 Qa3 20.Bb5 h6 21.Bf4 Nc6 
22.Rd3 Qb4 23.Bxc6 Rxc6 24.Be5 Ba6 25.Qd2 Qxd2 26.Rxd2 Rdc8 27.h4 Rc2 28.
Rad1 Be2 29.Rxc2 Rxc2 30.Rd2 Rc1+ 31.Kh2 Bxf3 32.gxf3 Bxe5+ 33.dxe5 e6 34.
Kg3 Rc5 35.f4 h5 36.Rd8+ Kg7 37.Rd7 Ra5 38.f5 gxf5 39.exf5 exf5 40.e6 Rxa2
41.e7 Re2 42.Rxa7 Kf6 43.Rb7 Rxe7 44.Rxb6+ Re6 45.Rb5 Ra6 46.Rc5 Ra3+ 47.
Kf4 Kg6 48.Rc6+ f6 49.Rc1 Ra4+ 50.Kg3 Rg4+ 51.Kh3 f4 52.Rc5 Rg1 53.Kh2 Rg4
54.Kh3 1/2-1/2

[Event "31st WCh U20 Girls"]
[Site "Kocaeli TUR"]
[Date "2013.09.25"]
[Round "12.5"]
[White "Aulia, Medina Warda"]
[Black "Saduakasova, Dinara"]
[Result "1/2-1/2"]
[WhiteElo "2301"]
[BlackElo "2326"]
[EventDate "2013.09.13"]
[PlyCount "98"]

1.e4 e5 2.Bc4 Nf6 3.d3 c6 4.Nf3 d5 5.Bb3 Bd6 6.Nc3 d4 7.Ne2 c5 8.c3 Nc6 9.
Ng3 O-O 10.O-O h6 11.Nh4 Bg4 12.f3 Be6 13.Nhf5 Ne7 14.Nxd6 Qxd6 15.f4 dxc3
16.bxc3 Nc6 17.Bc2 Rfd8 18.Kh1 b5 19.Nh5 Nxh5 20.Qxh5 f6 21.Qh4 Bf7 22.Be3
Rd7 23.Qg3 b4 24.Qf2 bxc3 25.Bxc5 Qc7 26.fxe5 Qxe5 27.Ba4 Rc8 28.Qe3 Qg5 
29.Qh3 Rdd8 30.d4 Qh5 31.Qxh5 Bxh5 32.d5 Ne5 33.Be7 Re8 34.d6 Kf7 35.h3 
Be2 36.Rfc1 Bd3 37.Bxf6 gxf6 38.d7 Nxd7 39.Bxd7 Rc4 40.Bxe8+ Kxe8 41.g4 
Bxe4+ 42.Kh2 c2 43.Re1 Kf7 44.Rac1 Bg6 45.Re2 a5 46.Kg2 a4 47.Kf2 Rc3 48.
Re3 Rc4 49.Ke2 Rd4 1/2-1/2